| 000 | 00724cam a22002413a 4500 | ||
|---|---|---|---|
| 001 | 22012 | ||
| 003 | PGUSA | ||
| 005 | 20140828083453.0 | ||
| 008 | 070707s2007||||xxu|||||s|||||000 1 eng d | ||
| 040 |
_aPGUSA _beng |
||
| 042 | _adc | ||
| 050 | 4 | _aPZ | |
| 100 | 1 |
_aStratemeyer, Edward, _d1862-1930 |
|
| 245 | 1 | 4 |
_aThe Rover Boys on a Hunt ; _bor, The Mysterious House in the Woods _h[electronic resource] / _cEdward Stratemeyer |
| 260 |
_bProject Gutenberg, _c2007 |
||
| 506 | _aPublic domain in the USA. | ||
| 516 | _aElectronic text | ||
| 653 | _aHunting stories | ||
| 653 | _aWorld War, 1914-1918 -- Fiction | ||
| 830 | 0 |
_aProject Gutenberg _v22012 |
|
| 856 | 4 | 0 | _uhttp://www.gutenberg.org/ebooks/22012 |
| 942 | _cEB | ||
| 999 |
_c251267 _d251267 |
||